000 00385nam a2200145Ia 4500
008 150201s2006 xx 000 0 und d
082 _a611.313
_bM2006J
100 _aMAJI, JOSE
245 _aMANUAL OF ORAL HISTOLOGY & ORAL PATHOLOGY
250 _a1ST
260 _bC.B.S PUBLISHERS & DISTRIBUTERS
_aDELHI
_c2006
300 _a1-160
650 _aORAL HISTOLOGY
942 _2ddc
_cBK
_042
999 _c3536
_d3536